College Quizbowl Stats
College Quizbowl Stats
Circuits
Seasons
Sets
Records
Detailed Stats
About
Loading...
Southeast
Tossups
Bonuses
Players
Teams
Categories (Tossup)
Categories (Bonus)
Alina Moore
Tennessee A
Categories
Category
Powers
Gets
Negs
BBs
Points
Earliest Buzz
Avg. Buzz
First Buzzes
Top 3 Buzzes
Science - Biology
0
1
0
1
10
105
105.00
0
1
Social Science
0
1
0
0
10
107
107.00
0
1
History - World History
0
0
0
0
0
0.00
0
0
Science - Physics
0
0
1
0
-5
0.00
0
0
Buzzes
Category
Answer
Value
Buzz Position
Science - Physics
Max Born
-5
100
Science - Biology
forests
10
105
Social Science
government bonds
10
107
History - World History
Seljuks
0
128
History - World History
1990s
0
134
Social Science
criminal law
0
136
Previous
1
Next